| 000 | 00887nam a2200217 i 4500 | ||
|---|---|---|---|
| 001 | 62946 | ||
| 003 | ES-MaACL | ||
| 005 | 20260201150058.0 | ||
| 007 | t| | ||
| 008 | 031127s1925 sp ||||1| spa d | ||
| 100 | 1 |
_aFernández Navarro, Lucas, _d1869-1930 _949953 |
|
| 245 | 1 | 0 |
_aProblemas de Canarias : _bconferencia dada en sesión pública de la Real Sociedad Geográfica, el día 19 de enero de 1925 / _cpor Lucas Fernández Navarro. |
| 260 |
_aMadrid : _bReal Sociedad Geográfica, _c1925 ( _fImp. del Patronato de Huérfanos de Intendencia e Intervención Militares) |
||
| 300 |
_a28 p. ; _c24 cm. |
||
| 650 | 4 |
_aTransportes- _zCanarias. _9171592 |
|
| 651 | 7 |
_a _2 _9242755 |
|
| 710 | 2 |
_aReal Sociedad Geográfica _96403 |
|
| 710 | 2 |
_aPatronato de Huérfanos de Intendencia e Intervención Militares. _96172 |
|
| 852 |
_aES-MaACL _j1685-F-19 |
||
| 999 |
_c62946 _d62946 |
||